000 00572nam a2200181 a 4500
005 20140412111247.0
008 060117s19uu xx 00 eng d
020 _a0-673-18264-9
050 _aTR(GS 793.7
_bB23 1986
100 _aBartch, Marian
245 _aMath Motivators, Grade 1-3 /
_cMarian Bartch ; Jerry J. Mallett.
260 _aLondon :
_bScott foresman,
_c1986.
300 _a56 p. ; ill.
440 _aA Good Year Book
520 _aPuzzles, games, bulletin boards, and special motivators
650 _aMathematics
_xJuvenile literature
999 _c102964
_d102964